The pig of happiness / (Record no. 5907)
[ view plain ]
| 000 -LEADER | |
|---|---|
| fixed length control field | 02097cam a2200385 a 4500 |
| 001 - CONTROL NUMBER | |
| control field | 5907 |
| 003 - CONTROL NUMBER IDENTIFIER | |
| control field | FISKH |
| 005 - DATE AND TIME OF LATEST TRANSACTION | |
| control field | 20250327093216.0 |
| 008 - FIXED-LENGTH DATA ELEMENTS--GENERAL INFORMATION | |
| fixed length control field | 070526s2007 moua 000 1 eng d |
| 010 ## - LIBRARY OF CONGRESS CONTROL NUMBER | |
| LC control number | 2007297452 |
| 015 ## - NATIONAL BIBLIOGRAPHY NUMBER | |
| National bibliography number | GBA728589 |
| Source | bnb |
| 016 7# - NATIONAL BIBLIOGRAPHIC AGENCY CONTROL NUMBER | |
| Record control number | 013715684 |
| Source | Uk |
| 020 ## - INTERNATIONAL STANDARD BOOK NUMBER | |
| International Standard Book Number | 9780740763731 (hbk.) |
| 020 ## - INTERNATIONAL STANDARD BOOK NUMBER | |
| International Standard Book Number | 0740763733 (hbk.) |
| 020 ## - INTERNATIONAL STANDARD BOOK NUMBER | |
| International Standard Book Number | 9780545279383 |
| 035 ## - SYSTEM CONTROL NUMBER | |
| System control number | (OCoLC)ocn123374798 |
| 040 ## - CATALOGING SOURCE | |
| Original cataloging agency | UKM |
| Transcribing agency | UKM |
| Modifying agency | BAKER |
| -- | DLC |
| Language of cataloging | eng |
| 050 ## - LIBRARY OF CONGRESS CALL NUMBER | |
| Classification number | PR6063.O665 P54 |
| 082 ## - DEWEY DECIMAL CLASSIFICATION NUMBER | |
| Classification number | 823.92 |
| 100 1# - MAIN ENTRY--PERSONAL NAME | |
| Personal name | Monkton, Edward. |
| Dates associated with a name | (1966-) |
| 245 14 - TITLE STATEMENT | |
| Title | The pig of happiness / |
| Statement of responsibility, etc. | Edward Monkton. |
| 250 ## - EDITION STATEMENT | |
| Edition statement | This edition first published in 2007. |
| 260 ## - PUBLICATION, DISTRIBUTION, ETC. | |
| Place of publication, distribution, etc. | Kansas : |
| Name of publisher, distributor, etc. | Scholastic, |
| Date of publication, distribution, etc. | 2007. |
| 300 ## - PHYSICAL DESCRIPTION | |
| Extent | 27 unnumbered pages : |
| Other physical details | color illustrations ; |
| Dimensions | 21 cm. |
| 505 ## - FORMATTED CONTENTS NOTE | |
| Formatted contents note | G<br/> |
| 520 ## - SUMMARY, ETC. | |
| Summary, etc. | I knew Edward Monkton was going to be a success when people started e-mailing me daily saying that it touched their hearts, it made them think, and most important, it made them laugh out loud-again and again." --Giles Andreae * In the tradition of Jonathan Livingston Seagull comes The Pig of Happiness-a philosophizing porcine fellow with a penchant for spreading good cheer. Edward Monkton's philosophical piglet aspires to elevate the spirit and become the Pig of Happiness. His happiness is so big it seeps from inside him to all the other pigs and then to all the other animals in the barnyard. * Monkton, perhaps better known as the U.K.'s top-selling living poet Giles Andreae, pairs a fresh illustrative style with simple yet profound prose to create this modern-day parable. * Monkton's greeting cards and book titles have been a big hit in the U.K. His gift books are presented to the U.S. market by Andrews McMeel exclusively, while a complementary card line from Sunrise will be introduced in the summer of 2007 |
| 521 8# - TARGET AUDIENCE NOTE | |
| Target audience note | 340<br/> |
| Source | Lexile<br/> |
| 521 8# - TARGET AUDIENCE NOTE | |
| Target audience note | G<br/> |
| Source | Raz-Plus<br/> |
| 650 #0 - SUBJECT ADDED ENTRY--TOPICAL TERM | |
| Topical term or geographic name entry element | Happiness |
| Form subdivision | Fiction. |
| 650 #0 - SUBJECT ADDED ENTRY--TOPICAL TERM | |
| Topical term or geographic name entry element | Farm animals |
| Form subdivision | Humor |
| 655 #7 - INDEX TERM--GENRE/FORM | |
| Genre/form data or focus term | Allegories. |
| Source of term | gsafd |
| 906 ## - LOCAL DATA ELEMENT F, LDF (RLIN) | |
| a | 7 |
| b | cbc |
| c | copycat |
| d | 2 |
| e | ncip |
| f | 20 |
| g | y-gencatlg |
| 942 ## - ADDED ENTRY ELEMENTS (KOHA) | |
| Source of classification or shelving scheme | Dewey Decimal Classification |
| Koha item type | Books |
| Suppress in OPAC | No |
| Withdrawn status | Lost status | Source of classification or shelving scheme | Damaged status | Not for loan | Collection | Home library | Current library | Shelving location | Date acquired | Total Checkouts | Full call number | Barcode | Date last seen | Copy number | Price effective from | Koha item type | Date last checked out |
|---|---|---|---|---|---|---|---|---|---|---|---|---|---|---|---|---|---|
| Dewey Decimal Classification | Juvenile Fiction | Footprints International School Library Network Toul Kork Campus | Footprints International School Library Network Toul Kork Campus | TK Primary Library Room(4th Floor), Bookcase 7, Shelves 57-60, Dark Green Books | 02/03/2025 | MON 823.92 PR6063.O665 P54 | 2025-0123 | 02/03/2025 | 1 | 02/03/2025 | Books | ||||||
| Dewey Decimal Classification | Juvenile Fiction | Footprints International School Library Network Toul Kork Campus | Footprints International School Library Network Toul Kork Campus | TK Primary Library Room(4th Floor), Bookcase 7, Shelves 57-60, Dark Green Books | 02/03/2025 | MON 823.92 PR6063.O665 P54 | 2025-0724 | 03/05/2025 | 2 | 02/03/2025 | Books | ||||||
| Dewey Decimal Classification | Juvenile Fiction | Footprints International School Library Network Toul Tom Poung Campus | Footprints International School Library Network Toul Tom Poung Campus | TTP Primary Green Bookshelves | 03/27/2025 | 4 | MON 823.92 PR6063.O665 P54 | 2025-0837 | 12/12/2025 | 3 | 03/27/2025 | Books | 11/28/2025 |
